00945 2200325 4500001002100000005001500021035002000036007000300056008004100059020002200100082001200122084001400134100002400148245007300172250002600245300003900271650002400310700003100334264003500365336002100400337003000421338002300451040002200474090002200496500001100518850001200529504003400541999002200575990002200597INLIS00000000088513020240320102206 a0010-0324000560ta240320s2023 yoia g 1 | ind d a978-623-314-413-104223a253 a253 SIS p0 aSiswantoePengarang10aPastoral konseling dan kesehatan mental /cSiswanto, Mesach Krisetya aCetakan pertama, 2023 axvi, 214 halaman :btabel ;c20 cm 4aPastoral, Pelayanan0 aMesach KrisetyaePengarang31aYogyakarta :bPBMR Andi,c2023 2rdacontentateks 2rdamediaatanpa perantara 2rdacarrieravolume aYOPDYOGbinderda aCB-D.11 2023-4287 aIndeks aYOPDYOG aBibliografi : halaman 203-207 aCB-D.11/2023-4287 aCB-D.11/2023-4287